|
|
|
|
| LEADER |
00000cam a2200000 a 4500 |
| 001 |
vtls011621117 |
| 003 |
SK-MaSNL |
| 005 |
20260301093655.0 |
| 008 |
240318s2015 xo o g 000 0dslo |
| 015 |
|
|
|a SNBA2017
|
| 020 |
|
|
|a 9788097103873
|q (brožované)
|
| 040 |
|
|
|a SNK
|b slo
|c SNK
|e AACR2
|
| 041 |
0 |
|
|a slo
|b eng
|
| 044 |
|
|
|a xo
|c SK
|
| 072 |
|
7 |
|a 77
|x Fotografia. Fotografické postupy
|2 konspekt
|
| 080 |
|
|
|a 77
|2 2011
|
| 080 |
|
|
|a 82-1
|2 2011
|
| 080 |
|
|
|a (084.11)
|2 2011
|
| 100 |
1 |
|
|a Hulka, Jaroslav,
|d 1952-
|4 aut
|9 426376
|
| 245 |
1 |
0 |
|a Fotohriechy Jaroslava Hulku
|b z archívu fotografií Jaroslava Hulku, textov Milana Mazúra, Miry Sikorovej-Putišovej, Jiřího Pátka, Igora Otčenáša, Jána Lenča a básní Jaroslava Hulku
|c zostavil Jaroslav Horečný
|
| 260 |
|
|
|a Žilina
|b Výtvarná agentúra A1
|c 2015
|
| 300 |
|
|
|a 115 s.
|b fotografie
|c 21cm x 21 cm
|
| 366 |
|
|
|e 1400 výt.
|
| 490 |
1 |
|
|a Výtvarné umenie severného Slovenska
|
| 546 |
|
|
|a Resumé anglicky
|
| 650 |
0 |
7 |
|a texty a fotografie
|2 SNKPH
|9 82166
|
| 650 |
0 |
7 |
|a texts and photographies
|2 SNKPHeng
|9 359460
|
| 650 |
0 |
7 |
|a básne
|2 SNKPH
|9 1275
|
| 650 |
0 |
7 |
|a Poems
|2 SNKPHeng
|9 426377
|
| 655 |
|
7 |
|a obrazové publikácie
|2 SNKPH
|9 70343
|
| 655 |
|
7 |
|a Pictorial works
|2 SNKPHeng
|9 284468
|
| 700 |
1 |
|
|a Horečný, Jaroslav,
|d 1956-
|4 com
|4 aut
|9 84565
|
| 700 |
1 |
|
|a Mazúr, Milan,
|d 1954-
|4 aut
|9 212081
|
| 700 |
1 |
|
|a Sikorová-Putišová, Mira,
|d 1974-
|4 aut
|9 212001
|
| 700 |
1 |
|
|a Pátek, Jiří,
|d 1970-
|4 aut
|9 175771
|
| 700 |
1 |
|
|a Otčenáš, Igor,
|d 1956-
|4 aut
|9 186730
|
| 700 |
1 |
|
|a Lenčo, Ján,
|d 1933-2012
|4 aut
|9 103758
|
| 830 |
|
0 |
|a Výtvarné umenie severného Slovenska
|9 426378
|
| 919 |
|
|
|a 978-80-971038-7-3
|
| 958 |
|
|
|a LX
|
| 999 |
|
|
|c 677814
|d 679744
|
| 952 |
|
|
|a SNK
|b SNK
|y PREZ
|7 0
|p 17A1256437
|o snkOSC 27962
|i snk2017/7865
|8 0
|0 0
|1 0
|4 0
|d 2017-03-30
|l 0
|r 2026-02-23 19:47:17
|w 2026-02-23
|
| 952 |
|
|
|a SNK
|b SNK
|y VYP
|7 0
|p 17A1256438
|o snkOSC 27962 D1
|i snk2017/7866
|8 0
|0 0
|1 0
|4 0
|d 2017-03-30
|l 0
|r 2026-02-23 19:47:17
|w 2026-02-23
|